=LDR 00000nam 2200000 4500 =001 000150 =020 $9786238247219 =082 $636.932 =100 $Erlita Mega =245 $19 jenis kelinci paling populer =250 $Edisi I =264 $Yogyakarta: Rumah Baca 2023 =300 $vi, 50 halaman; 22 cm. =650 $Peternakan =905 $636.932 ERL s =336 $$a =337 $$a =338 $$a =005 20260702151432.0 =008 260702s2026\\\\\\\\\\\\\\\\\\\\\\\\\\\\\\\\\\\\\\\\\